[Event "9th Bangabandhu Rapid Men 2021"]
[Site "Dhaka"]
[Date "2021.04.02"]
[Round "1.2"]
[White "Avik, Sarker"]
[Black "Mollah Abdullah, Al Rakib"]
[Result "0-1"]
[WhiteElo "2030"]
[BlackElo "2463"]
[Annotator "TA"]
[PlyCount "38"]
[EventDate "2021.04.02"]
[EventType "swiss"]
[EventCountry "BAN"]
[SourceTitle "playchess.com"]
[Source "ChessBase"]
[SourceQuality "1"]

{[%evp 9,38,-16,10,-19,-18,-112,-75,-118,-119,-113,-109,-91,-104,-164,-48,-487,-381,-670,-666,-795,-800,-791,-764,-752,-662,-691,-669,-651,-647,-980,-970]} 1. d4 Nc6 2. d5 Ne5 3. f4 Ng6 4. e4 e6 5. c4 Bc5 6. Nf3 {A40: Unusual replies to 1 d4.} Nf6 {[#]} 7. Qe2 $146 (7. Nc3 $11) ({Predecessor:} 7. Nc3) 7... O-O {aiming for ...exd5.} 8. Nc3 {Black is better.} exd5 9. cxd5 {[#]} Re8 $1 10. f5 Ne7 11. Qc4 (11. Bg5 $17) 11... Nexd5 12. Ng5 $2 {[%mdl 8192] This move loses the game for White.} (12. Qxc5 $15 d6 13. Qa3 Nxc3 14. bxc3) 12... Nxc3 $19 13. bxc3 $2 {[#]} (13. Qxf7+ Kh8 14. bxc3) 13... Qe7 {Black is clearly winning.} 14. Bd3 d5 15. Qb3 Bxf5 16. Bf4 Bxe4 17. O-O-O Bxd3 18. Rxd3 h6 19. Nf3 Qe4 {[%mdl 64] Double Attack.  Weighted Error Value: White=1.24/Black=0.18} 0-1

[Event "9th Bangabandhu Rapid Men 2021"]
[Site "Dhaka"]
[Date "2021.04.02"]
[Round "1.3"]
[White "Hossain, Enamul"]
[Black "Abdul, Momin"]
[Result "1-0"]
[WhiteElo "2426"]
[BlackElo "1952"]
[Annotator "TA"]
[PlyCount "63"]
[EventDate "2021.04.02"]
[EventType "swiss"]
[EventCountry "BAN"]
[SourceTitle "playchess.com"]
[Source "ChessBase"]
[SourceQuality "1"]

{[%evp 9,63,14,61,5,39,31,41,48,35,34,30,37,96,100,118,93,155,164,151,130,141,140,160,111,187,184,321,228,301,302,347,345,352,235,280,208,217,211,282,132,566,566,554,564,1052,1048,1036,1052,1127,1114,1098,1093,1128,1100,29946,29951]} 1. e4 c5 2. Nf3 e6 3. c3 Nf6 4. e5 Nd5 5. d4 d6 6. Bc4 {B22: Sicilian: 2 c3.} ({Better is} 6. c4 $14 Nb4 7. a3) 6... dxe5 7. dxe5 b6 8. O-O {White is slightly better.} Bb7 {[#]} 9. Re1 $146 ({Predecessor:} 9. Bb5+ Bc6 10. Qa4 Bxb5 11. Qxb5+ Qd7 12. Qe2 Nc6 13. Rd1 Qb7 14. c4 Nde7 15. Bg5 {0-1 (82) Schneider,L (1772)-Cichy,M (1992) Wiesbaden 2013}) 9... Be7 10. Nbd2 Qc7 (10... Nf4 $14) 11. Ne4 $16 Nd7 12. Bg5 f6 (12... h6 $142) 13. exf6 gxf6 14. Bh4 O-O-O 15. Bg3 Qc6 16. Qb3 {[#] aiming for Bb5.} e5 (16... a6 $16 {is a better defense.}) 17. Nh4 $36 {[%mdl 2048] And now Nf5 would win. Keeping Black busy.} Bf8 (17... Nf8 $142 18. Nf5 Ng6) 18. Bb5 Qe6 19. Rad1 Nb8 20. Bc4 Bg7 21. Rd3 {[#] Black must now prevent Red1.} Rd7 22. Red1 Rhd8 23. f3 a5 24. Nf5 Bf8 $2 {[%mdl 8192] This costs Black the game.} (24... Qxf5 $16 {is a better chance.} 25. Bxd5 Bxd5 26. Rxd5 Rxd5 27. Rxd5 Rxd5 28. Qxd5 Qd7 29. Qg8+ Kc7) 25. Ne3 $18 a4 26. Qxa4 ({Weaker is} 26. Bxd5 Bxd5 27. Qxa4 Bc6 $16) 26... Bh6 27. Nxd5 Bxd5 28. Rxd5 Rxd5 29. Rxd5 Rxd5 30. Qb3 Rd1+ 31. Qxd1 Qxc4 32. Nd6+ {[%mdl 64] Double Attack.  Weighted Error Value: White=0.28/Black=0.91} 1-0

[Event "9th Bangabandhu Rapid Men 2021"]
[Site "Dhaka"]
[Date "2021.04.02"]
[Round "1.4"]
[White "Masum, Hossain"]
[Black "Reefat, Bin-Sattar"]
[Result "0-1"]
[WhiteElo "2054"]
[BlackElo "2409"]
[Annotator "TA"]
[PlyCount "64"]
[EventDate "2021.04.02"]
[EventType "swiss"]
[EventCountry "BAN"]
[SourceTitle "playchess.com"]
[Source "ChessBase"]
[SourceQuality "1"]

{[%evp 10,64,33,7,12,26,54,2,22,0,12,17,27,-1,-10,-28,0,1,38,37,37,39,78,-84,-79,-178,-185,-185,-167,-175,-172,-132,-140,-345,-381,-415,-286,-265,-280,-554,-395,-760,-758,-747,-751,-856,-731,-1968,-1679,-2681,-2213,-29989,-29990,-29990,-29991,-29992,-29993]} 1. d4 e6 2. c4 b6 3. Nc3 Bb7 4. e4 Bb4 5. Bd3 f5 6. f3 Qh4+ {A40: Unusual replies to 1 d4.} 7. g3 Qh5 8. e5 {[#]} (8. exf5 $14 Nf6 9. fxe6) 8... c5 $146 {The position is equal.} ({Predecessor:} 8... Ne7 9. a3 Bxc3+ 10. bxc3 O-O 11. h4 d6 12. Bf4 dxe5 13. Bxe5 Nec6 14. Bxc7 Na6 {0-1 (36) Borg,G (2360)-Pavlovic,M (2505) Panormo 1998}) 9. a3 Bxc3+ 10. bxc3 Nc6 11. Be3 Nge7 12. h4 cxd4 13. cxd4 f4 {[#]} 14. g4 $1 {[%cal Rg4h5]} Qf7 15. Bf2 h5 {[#] aiming for ...hxg4.} 16. Nh3 $2 (16. Rh2 $1 $16 {and life is bright.}) 16... hxg4 $17 17. Ng5 {[#]} (17. fxg4 $17 Nxe5 18. Ng5 Nxd3+ 19. Qxd3) 17... Qh5 $1 $36 {[%cal Rh5g5][%mdl 2048] White must now prevent ...Qxg5! Black is on the roll.} 18. fxg4 {[#]} Qxg5 {[%mdl 512]} 19. hxg5 Rxh1+ 20. Bf1 {Threatening Qf3.} Na5 {[%mdl 1024] Black has strong compensation.} 21. Qd3 $2 {Loses the game.} (21. d5 $17 exd5 22. g6) 21... Rc8 22. Rc1 b5 23. c5 Nc4 24. Ke2 $2 (24. Rc2 {was forced.}) 24... Kf7 25. Rxc4 $2 (25. Rc2) 25... bxc4 26. Qxc4 Rb8 27. Kd2 Bd5 28. Qa6 Rb2+ 29. Kc3 Rxf2 30. Bd3 Rc1+ {Black mates.} 31. Kb4 Rb2+ 32. Ka5 Nc6+ {[%mdl 64] Double Attack.  Weighted Error Value: White=1.35/Black=0.22} 0-1

[Event "9th Bangabandhu Rapid Men 2021"]
[Site "Dhaka"]
[Date "2021.04.02"]
[Round "1.5"]
[White "Mohammad Minhaz Uddin"]
[Black "Sacchu, Afzal Hossain"]
[Result "1-0"]
[WhiteElo "2295"]
[BlackElo "1993"]
[Annotator "TA"]
[PlyCount "95"]
[EventDate "2021.04.02"]
[EventType "swiss"]
[EventCountry "BAN"]
[SourceTitle "playchess.com"]
[Source "ChessBase"]
[SourceQuality "1"]

{[%evp 17,95,8,39,43,54,56,58,41,68,26,25,32,151,138,224,223,377,373,385,393,362,364,337,247,419,238,262,199,201,183,232,186,191,154,170,152,216,131,192,181,224,225,233,214,208,200,255,253,277,270,270,273,269,267,264,264,310,243,294,283,308,312,331,334,769,792,808,827,29985,29986,29989,29990,29992,29993,29995,29995,29995,29993,29996,29997]} 1. e4 c5 2. Nf3 d6 3. d4 cxd4 4. Nxd4 Nf6 5. Nc3 a6 6. g3 g6 7. Bg2 Bg7 8. O-O O-O 9. h3 Qc7 10. Bg5 {B91: Sicilian Najdorf: 6 g3.} Nbd7 11. Qd2 Rb8 12. a4 {White is slightly better.} b6 13. Rfe1 Bb7 {[#]} 14. Nd5 $146 ({Predecessor:} 14. Bh6 Rbc8 15. Bxg7 Kxg7 16. Rad1 Nc5 17. Qg5 e6 18. g4 Rcd8 19. Re3 h6 20. Qh4 {1-0 (28) Schwenkreis,T (2103)-Lipp,M (1938) Bad Homburg 2015}) 14... Bxd5 {Black is now going downhill.} ({Black should play} 14... Qd8 $14) 15. exd5 $16 Rfe8 (15... Ne5 $16 16. Rad1 Rbe8) 16. Nc6 $18 Rbc8 $2 (16... Ra8 17. Rxe7 (17. Nxe7+ Kh8 $18) 17... Rxe7) 17. Rxe7 Kf8 18. Rae1 {Strongly threatening Bxf6.} Rxe7 19. Rxe7 ({Don't play} 19. Nxe7 Re8 $18) 19... Ng8 20. Re1 h6 $2 (20... Bf6 {was called for.} 21. Be3 Kg7) 21. Be3 (21. Be7+ $142 Nxe7 22. Rxe7) 21... Ne5 22. Nxe5 Bxe5 23. c3 Qc4 24. Qd1 b5 25. axb5 Qxb5 26. Qd2 Rb8 (26... a5 $16 {was worth a try.} 27. Qc2 (27. Bxh6+ Nxh6 28. Qxh6+ Kg8 $16) 27... Kg7) 27. Rb1 ({Don't do} 27. Bxh6+ $6 Nxh6 28. Qxh6+ Bg7 $16) 27... g5 (27... Qb3 $16 {is a better defense.}) 28. b3 Ne7 29. c4 Qb4 30. Qxb4 Rxb4 31. Be4 f5 32. Bc2 f4 33. Bd2 Rb8 34. gxf4 gxf4 35. Kg2 Kf7 36. Kf3 Ng6 37. Bf5 Nh4+ {[#]} 38. Ke4 $1 Nxf5 39. Kxf5 {[%mdl 4096] Endgame KRB-KRB} Ke7 40. c5 Bd4 $2 (40... Rb5 41. Rc1 (41. Bxf4 Bxf4 42. Re1+ Kf8 $16) 41... Kd7 42. c6+ Kc7) 41. Re1+ Kf7 42. cxd6 Bxf2 43. Re7+ {White mates.} Kg8 44. d7 Rf8+ 45. Kg6 Bb6 46. Rg7+ Kh8 47. Rh7+ {[%mdl 64] [#] Double Attack} Kg8 48. Bc3 {[%csl Gc3][%cal Rh7h8] Weighted Error Value: White=0.19/Black=0.59} 1-0

[Event "9th Bangabandhu Rapid Men 2021"]
[Site "Dhaka"]
[Date "2021.04.02"]
[Round "1.6"]
[White "ariful, Amin"]
[Black "Islam, Khandaker Aminul"]
[Result "0-1"]
[WhiteElo "1942"]
[BlackElo "2174"]
[Annotator "TA"]
[PlyCount "92"]
[EventDate "2021.04.02"]
[EventType "swiss"]
[EventCountry "BAN"]
[SourceTitle "playchess.com"]
[Source "ChessBase"]
[SourceQuality "1"]

{[%evp 10,92,21,21,25,-7,7,-21,0,0,0,-41,-8,-20,-16,-29,-24,-24,-20,-28,-17,-18,-21,-49,-47,-31,-16,-12,0,-26,-11,-79,-15,-70,-66,-62,-51,-55,-26,-26,-35,-32,-26,-157,-154,-393,-375,-607,-607,-610,-489,-603,-595,-623,-610,-605,-578,-690,-487,-468,-493,-472,-477,-487,-482,-431,-457,-514,-483,-830,-811,-806,-780,-5779,-5843,-4873,-4858,-8377,-12645,-5945,-5945,-5418,-5422,-4132,-3154]} 1. e4 e5 2. Nf3 Nc6 3. Bc4 Bc5 4. d3 Nf6 5. Bg5 h6 6. Bh4 Be7 {C50: Hungarian Defence and Giuoco Pianissimo.} 7. Bb3 d6 8. c3 O-O {The position is equal.} (8... g5 $5 9. Bg3 $8 g4 $11) 9. Bxf6 Bxf6 {[#]} 10. h3 $146 ({Predecessor:} 10. Nbd2 Ne7 11. Qe2 Ng6 12. g3 a5 13. Nc4 a4 14. Bc2 d5 15. Ncd2 Bh3 16. exd5 Qxd5 17. Ne4 Be7 18. Nh4 Bxh4 19. gxh4 f5 20. Qf3 Nf4 21. Qd1 fxe4 22. Bxa4 Nxd3+ {0-1 (21) Gaggiottini,M-Samaritani,F Cattolica 1993}) 10... Na5 11. O-O Nxb3 12. axb3 a5 13. b4 c6 14. Nbd2 Be6 15. bxa5 Rxa5 16. b4 Rxa1 17. Qxa1 Be7 18. Qa7 Bc8 19. Nc4 f5 20. Qb6 (20. Ra1 $11) 20... Qe8 (20... Qxb6 $17 21. Nxb6 fxe4 22. Nxc8 Rxc8 23. dxe4 Ra8) 21. Nh2 (21. Ncd2 $11) 21... fxe4 $15 22. dxe4 Qg6 {Strongly threatening ...Bxh3.} 23. Qe3 b5 24. Na5 Bd7 $40 {[%mdl 128] White needs to defend precisely.} 25. Kh1 Bg5 26. Qa7 {[#]} (26. Qe2 $11) 26... Rf7 $1 $17 27. Qa8+ $2 {[#] Loses the game.} (27. f3 $17) 27... Kh7 $1 $19 28. f3 $2 (28. Nb3 Qxe4 29. Qa2) 28... Bf4 {( -> ...Qg3). Black is clearly winning.} 29. g4 Qg5 {Threatens to win with ...Qh4!} 30. Qa7 Qh4 31. Qf2 Qxh3 32. Qg2 Qh4 33. Rd1 Bg3 34. Kg1 h5 {[%cal Rh5g4]} 35. Nf1 Bf4 36. Qh1 Qxh1+ 37. Kxh1 hxg4 38. Rxd6 gxf3 {Hoping for ...Bh3.} 39. Nxc6 (39. Rd3 $142 g5 40. Rxf3) 39... Bh3 40. Kg1 Bg5 {aiming for ...f2+.} 41. Nxe5 f2+ 42. Kh1 Rf6 43. Rd1 Bf4 44. Nd3 {[#]} Rh6 $1 {[%cal Rh3f1]} 45. Nxf2 Bxf1+ {[%mdl 64] Discovered Attack} 46. Kg1 Be2 {Weighted Error Value: White=0.68/Black=0.13} 0-1

[Event "9th Bangabandhu Rapid Men 2021"]
[Site "Dhaka"]
[Date "2021.04.02"]
[Round "1.7"]
[White "Rahman, Taibur"]
[Black "Hasan, Sk. Rashedul"]
[Result "1-0"]
[WhiteElo "2215"]
[BlackElo "1902"]
[Annotator "TA"]
[PlyCount "77"]
[EventDate "2021.04.02"]
[EventType "swiss"]
[EventCountry "BAN"]
[SourceTitle "playchess.com"]
[Source "ChessBase"]
[SourceQuality "1"]

{[%evp 20,77,9,18,29,37,117,113,172,137,137,122,213,183,183,164,151,110,191,174,190,119,114,0,0,0,0,0,289,298,380,374,361,366,374,374,354,360,376,347,750,744,762,755,835,669,921,897,1069,1056,1025,1023,2052,2051,29990,29991,29991,29991,29992,29993]} 1. d4 Nf6 2. c4 g6 3. Nc3 d5 4. cxd5 Nxd5 5. e4 Nxc3 6. bxc3 Bg7 7. Bb5+ c6 8. Ba4 O-O 9. Ne2 c5 10. O-O Nc6 11. Be3 Qa5 {D85: Exchange Grünfeld: Unusual White 7th moves and lines with 7 Nf3.} 12. Rb1 Rd8 (12... Qc7 $14) 13. Rb5 $16 {[#]} Qc7 $146 (13... Qa6 $16) ({Predecessor:} 13... Qa6 14. Rxc5 Bd7 15. Bb3 Na5 16. Rg5 h6 17. Rg3 Bb5 18. Re1 Rac8 19. Bc1 Nxb3 20. axb3 Bxe2 21. Rxe2 Bxd4 {½-½ (32) Garcia Moreno,H-Vera Leon,E Barquisimeto 2001}) 14. Rxc5 $18 e6 15. Qc2 Qd6 (15... Bf8 $16) 16. e5 Qc7 17. Bxc6 bxc6 18. Qa4 $36 {[%mdl 2048] White has strong initiative.} Bd7 (18... Bf8 $16 {might work better.}) 19. Ng3 Bf8 20. Qa5 (20. Ne4 $18) 20... Qb6 $16 21. Ne4 ({White should try} 21. Qa3 $16) 21... Bxc5 $11 22. Qxc5 Qxc5 23. Nxc5 {[#] Bg5 is the strong threat.} Rab8 $2 {[%mdl 8192] White now steadily converts the win.} (23... Be8 $1 $11) 24. Bg5 $18 Be8 25. Bxd8 Rxd8 {[%mdl 4096] Endgame KRB-KRN} 26. Rb1 Ra8 27. f4 Kf8 28. Rb7 a6 29. Kf2 h5 $2 {[#]} (29... Kg8 30. Ke3 h5) 30. Kg3 a5 31. Kh4 a4 32. Kg5 Ra5 33. Kf6 Rb5 34. a3 h4 35. g3 h3 36. c4 Ra5 37. Rb8 {White mates.} Ra7 38. Nb7 c5 39. dxc5 {Weighted Error Value: White=0.23/Black=0.90} 1-0

[Event "9th Bangabandhu Rapid Men 2021"]
[Site "Dhaka"]
[Date "2021.04.02"]
[Round "1.8"]
[White "Shahidul, Islam"]
[Black "Mohammad Fahad, Rahman"]
[Result "0-1"]
[WhiteElo "1760"]
[BlackElo "2307"]
[Annotator "TA"]
[PlyCount "76"]
[EventDate "2021.04.02"]
[EventType "swiss"]
[EventCountry "BAN"]
[SourceTitle "playchess.com"]
[Source "ChessBase"]
[SourceQuality "1"]

{[%evp 17,76,0,0,-49,-44,-43,-54,-79,-88,-135,-123,-128,-129,-255,-252,-251,-251,-250,-247,-249,-205,-297,-298,-303,-323,-382,-323,-331,-307,-310,-301,-291,-297,-340,-311,-292,-225,-347,-300,-322,-273,-468,-452,-1450,-1410,-1147,-616,-29987,-29988,-29989,-29990,-29990,-29991,-29991,-29992,-29992,-29988,-29993,-29992,-29992,-29988]} 1. e4 c5 2. Nf3 d6 3. d4 cxd4 4. Nxd4 Nf6 5. Nc3 Nc6 6. Bc4 e6 7. Bb3 Be7 8. O-O {The modern move.} O-O 9. Nxc6 bxc6 {[%cal Bb7c6,Bc6c5][%mdl 32]} 10. f4 {B88: Sicilian: Sozin Attack.} d5 11. e5 Nd7 12. Kh1 {Black is slightly better.} c5 {[#]} 13. Nxd5 $146 ({Predecessor:} 13. a3 Bb7 14. Ne2 f6 15. f5 fxe5 16. fxe6 Nf6 17. c3 Qd6 18. Ng3 Qxe6 19. Bd2 {0-1 (26) Longhitano,J-Sanchez,F (2260) Villa Ballester 1996}) 13... exd5 14. Bxd5 Rb8 15. e6 (15. c4 $17) 15... fxe6 $19 16. Bxe6+ Kh8 17. b3 Bf6 18. Rb1 Nb6 19. Qg4 (19. Qxd8 $142 Rxd8 20. Bxc8 Rdxc8 21. g4) 19... Bxe6 20. Qxe6 Re8 21. Qg4 Nd5 22. Bd2 Nc3 23. Bxc3 Bxc3 24. Rbd1 Qa5 25. Qg3 Bf6 26. a4 Re2 27. Qd3 (27. Rfe1 $142 Ree8 28. h3) 27... Rbe8 28. h3 Qc3 29. Qb5 $2 (29. Qxc3 Bxc3 30. Rd5) 29... Qxc2 {Threatens to win with ...Qe4!} 30. Rc1 (30. Qb7 $142) 30... Qe4 {[%csl Ge2][%cal Re4g2] [#]} 31. Rf3 Bd4 {White must now prevent ...Qg6.} 32. Rcf1 Qg6 {[%csl Ge2][%cal Rg6g2] Black mates.} 33. g4 Qc2 {[%csl Gc2][%cal Re2h2]} 34. R3f2 Bxf2 35. Rxf2 Qe4+ 36. Kg1 Rxf2 37. Kxf2 Qe1+ 38. Kg2 Re2+ {Black took control after the opening.  Weighted Error Value: White=0.77/Black=0.25} 0-1

[Event "9th Bangabandhu Rapid Men 2021"]
[Site "Dhaka"]
[Date "2021.04.02"]
[Round "2.1"]
[White "Rahman, Ziaur"]
[Black "Chowdhury, Sohel"]
[Result "1-0"]
[WhiteElo "2419"]
[BlackElo "2149"]
[Annotator "TA"]
[PlyCount "127"]
[EventDate "2021.04.02"]
[EventType "swiss"]
[EventCountry "BAN"]
[SourceTitle "playchess.com"]
[Source "ChessBase"]
[SourceQuality "1"]

{[%evp 14,127,12,4,32,-18,-7,-18,74,98,114,72,92,81,57,15,35,18,81,69,67,66,79,41,113,48,45,43,45,47,38,11,43,0,44,0,0,-42,-32,-32,-32,-32,-34,-93,0,0,0,-7,105,129,125,122,112,118,118,129,138,140,143,76,404,250,254,230,155,143,143,143,147,143,139,132,138,128,614,630,566,458,456,453,397,117,281,0,29973,844,844,844,844,835,823,823,814,809,794,681,797,789,1036,1034,1025,1034,1328,1296,1347,1315,1112,1045,1245,1186,1343,1462,1548,1487,1788,1685]} 1. Nf3 d5 2. d4 c6 3. c4 Nf6 4. e3 e6 5. Nc3 Nbd7 6. Be2 dxc4 7. a4 Bb4 8. O-O Qa5 {D45: Semi-Slav: 5 e3.} 9. Nd2 b5 $1 {[#]} ({But not} 9... Bxc3 $6 10. Nxc4 Qc7 11. bxc3 $16) 10. Bf3 $146 ({Predecessor:} 10. Qc2 a6 11. Bf3 Bb7 12. axb5 Qxa1 13. bxc6 Bxc6 14. Bxc6 Rc8 15. Ba4 O-O 16. Nde4 Nxe4 {1-0 (33) Tsydypov,Z (2558)-Villalba,M (2258) chess.com INT 2020}) 10... Bxc3 (10... Bb7 $11 {keeps the balance.}) 11. bxc3 $16 Bb7 12. Rb1 Nd5 {[#]} 13. Nxc4 $1 Qc7 (13... bxc4 14. Rxb7) 14. Bxd5 (14. Qb3 {feels hotter.} Rb8 15. Nb2 O-O 16. e4 bxa4 17. Qa3) 14... cxd5 15. Na3 O-O (15... a6 $11) 16. Nxb5 Qc6 17. Ba3 Rfd8 18. Be7 Rdb8 ({Black should try} 18... Re8 $14 19. Bh4 Ba6) 19. Bd6 (19. Qf3 $1 $16) 19... Rc8 $14 20. Bg3 Ba6 21. h4 Nb6 22. Qg4 f5 23. Qg5 Nxa4 24. Be5 {[%csl Ge5][%cal Rg5g7]} Qd7 25. Rfe1 Bxb5 26. Rxb5 Nxc3 27. Ra5 Ne4 28. Qf4 (28. Qh5 $15) 28... Rc2 (28... Rc6 $17) 29. f3 $11 Nd2 30. Qg3 Nc4 (30... Rc6 $11) 31. Rc5 $16 {Strongly threatening Rc7!} Na3 32. Ra1 Rxc5 33. dxc5 Nc4 34. c6 $1 {[%cal Rc6d7]} Qe7 35. Rb1 $1 {[%cal Rb1b7] Hoping for Rb7.} Nb6 {[#]} 36. Bb8 (36. h5 $142 $1) 36... e5 $2 {[%mdl 8192]} (36... h6 $16 {is a better chance.}) 37. Bxe5 Re8 38. Bd4 Rc8 39. Qf4 $36 {[%mdl 2048] White is really pushing.} ({Stronger than} 39. Bxb6 axb6 40. Qf4 Rxc6 $11) 39... Rxc6 40. Qxf5 Qe6 41. Qg5 {[%csl Gd4][%cal Rg5g7]} Qd7 42. Rd1 Rg6 43. Qe5 Nc4 $2 {[%mdl 8192]} (43... Re6 $16 44. Qg5 Nc4) 44. Qb8+ $18 {[%mdl 64] Double Attack} Kf7 45. Ra1 a6 46. Rb1 ({Weaker is} 46. Bc5 Rc6 $16) 46... Nd6 47. Qa8 $2 (47. Bc5 $18 {is more deadly.} Re6 48. h5) 47... Qf5 $2 (47... Nb5 $16) 48. Rb8 $2 (48. Rc1 $18 {aiming for Rc7+.} Ne8 49. Qb7+ Kg8 50. Rc8) 48... Qd3 $2 {[%mdl 8192] [#]} (48... Rxg2+ $11 49. Kxg2 Qc2+ 50. Kh3 Qf5+ 51. Kg3 Qg6+ 52. Kh3 Qf5+ 53. Kg2 Qc2+ 54. Kh1 Qd1+ 55. Kh2 Qc2+ 56. Kh3 Qf5+) 49. Qxd5+ (49. Rb7+ $142 $1 {[%mdl 512]} Nxb7 50. Qxb7+ {[%mdl 64] Double Attack} Ke8 51. Qc8+ Ke7 52. Bc5+ Rd6 53. Qc7+ {[%mdl 64] Pin} Ke8 54. Qxd6) 49... Re6 {[#]White is clearly winning.} 50. Rf8+ $3 {[%mdl 576] Decoy} Kxf8 {[#]} 51. Bxg7+ $1 {[%mdl 576] Discovered Attack} Kxg7 52. Qxd3 {[%mdl 4096] Endgame KQ-KRN} Nf7 53. Qc3+ Kf8 54. Qc5+ Kg7 55. e4 h6 56. g4 Ne5 57. Kg2 Kf7 58. Kg3 Nd7 59. Qf5+ Ke7 60. Qa5 Rf6 61. e5 Re6 62. f4 Rc6 63. f5 Rc5 64. Qa3 {Weighted Error Value: White=0.41/Black=0.62} 1-0

[Event "9th Bangabandhu Rapid Men 2021"]
[Site "Dhaka"]
[Date "2021.04.02"]
[Round "2.2"]
[White "Mollah Abdullah, Al Rakib"]
[Black "Subrota, Biswas"]
[Result "1/2-1/2"]
[WhiteElo "2463"]
[BlackElo "2262"]
[Annotator "TA"]
[PlyCount "52"]
[EventDate "2021.04.02"]
[EventType "swiss"]
[EventCountry "BAN"]
[SourceTitle "playchess.com"]
[Source "ChessBase"]
[SourceQuality "1"]

{[%evp 9,52,12,32,31,33,12,36,16,17,31,47,14,10,15,22,4,7,0,9,7,9,9,9,2,9,9,9,5,8,0,0,0,0,0,0,0,17,0,11,0,0,0,0,-2,5]} 1. d4 d5 2. Nf3 Nf6 3. c4 c6 4. Nbd2 e6 5. g3 c5 6. Bg2 {D30: Queen's Gambit Declined: Systems without Nc3.} cxd4 7. Nxd4 Nc6 {[#]} 8. Nxc6 $146 {White is slightly better.} ({Predecessor:} 8. cxd5 exd5 9. N2b3 Be7 10. O-O O-O 11. Bf4 Bg4 12. h3 Be6 13. Kh2 Rc8 14. Rc1 Nxd4 15. Qxd4 {½-½ (37) Ushenina,A-Grin,D (2282) Kharkov 2000}) 8... bxc6 9. O-O Be7 10. b3 O-O {The position is equal.} 11. Bb2 a5 12. e4 a4 13. bxa4 Qa5 14. exd5 cxd5 15. cxd5 exd5 16. Re1 Be6 17. Nb3 Qxa4 18. Nd4 {Threatening Qxa4.} Qxd1 19. Rexd1 Rfb8 20. Bc3 Bb4 21. Bb2 Be7 22. Rd2 Bc5 {[#] aiming for ...Rxb2!} 23. Nb3 Be7 24. Be5 Rb4 25. Bxf6 Bxf6 26. Rad1 Rba4 {Weighted Error Value: White=0.05/Black=0.06} 1/2-1/2

[Event "9th Bangabandhu Rapid Men 2021"]
[Site "Dhaka"]
[Date "2021.04.02"]
[Round "2.3"]
[White "Jabed Al Azad"]
[Black "Hossain, Enamul"]
[Result "0-1"]
[WhiteElo "2002"]
[BlackElo "2426"]
[Annotator "TA"]
[PlyCount "60"]
[EventDate "2021.04.02"]
[EventType "swiss"]
[EventCountry "BAN"]
[SourceTitle "playchess.com"]
[Source "ChessBase"]
[SourceQuality "1"]

{[%evp 13,60,47,50,20,14,0,19,0,0,-23,-7,-26,-14,-24,-31,-66,-39,-37,19,-16,-36,-75,-73,-88,-73,-100,-94,-107,-101,-107,-114,-87,-71,-97,-19,-6,0,-113,-97,-102,-87,-777,-764,-2437,-2234,-29985,-5706,-29992,-29993]} 1. e4 c5 2. Nf3 e6 3. d4 cxd4 4. Nxd4 a6 5. Bd3 Nf6 6. O-O d6 7. Qe2 g6 8. Nc3 {B42: Sicilian: Kan Variation: 5 Bd3.} Bg7 9. Be3 O-O 10. Rad1 {The position is equal.} Qc7 {[#]} 11. h3 $146 ({Predecessor:} 11. Kh1 b5 12. a4 b4 13. Na2 Bb7 14. Nxb4 Nxe4 15. c4 Nd7 16. Ra1 Nec5 17. Bc2 {0-1 (30) Bonifazi,M (2052)-Giardelli,S (2438) Mar del Plata 2001}) 11... b5 12. a3 Nbd7 13. f4 Bb7 14. Qf3 e5 15. Nde2 Nc5 (15... exf4 $15 16. Nxf4 Ne5) 16. fxe5 dxe5 17. Bg5 Nh5 18. g4 {[#]} Ne6 $1 19. gxh5 {Strongly threatening Be3.} (19. Bh4 Nhf4) 19... Nxg5 20. Qg3 Ne6 21. hxg6 fxg6 22. Nd5 Qc5+ 23. Kh2 Nf4 (23... Bxd5 $17 24. exd5 Rxf1 25. Rxf1 Qxd5) 24. b4 $11 Qa7 25. c4 ({Much weaker is} 25. Ndxf4 exf4 26. Rxf4 Rxf4 $17) (25. Ne7+ $11 Kh8 26. Nxf4 exf4 27. Qh4) 25... Nxd3 $17 26. Qxd3 Rf2+ 27. Kg3 $2 {[%mdl 8192] This move loses the game for White.} (27. Kh1 $17) 27... Raf8 $19 {Threatens to win with ...Bxd5.} 28. Nec3 bxc4 {[%mdl 64] [#] Overworked Piece} 29. Qxc4 R8f3+ (29... Bxd5 $142 30. Qxd5+ Kh8 31. Rd3 Rxf1 32. Qc5 Qf7 33. Nd5 Rf3+ 34. Rxf3 Qxf3+ {[%mdl 64] Double Attack} 35. Kh2 Qe2+ 36. Kh1 Rf1+ 37. Qg1 Rxg1+ 38. Kxg1 Bh6 39. a4 Bf4 40. h4 Qh2+ 41. Kf1 Bg3 42. Nf6 Qf2#) 30. Kg4 h5+ {Weighted Error Value: White=1.16/Black=0.44} 0-1